Progress of the non-self governing territories under the charter (Record no. 490449)

000 -LEADER
fixed length control field 00464cam a22001097a 4500
008 - FIXED-LENGTH DATA ELEMENTS--GENERAL INFORMATION
fixed length control field 180718b1961 xxu||||| |||| 00| 0 eng d
082 ## - DEWEY DECIMAL CLASSIFICATION NUMBER
Classification number D212 Un3n
245 ## - TITLE STATEMENT
Title Progress of the non-self governing territories under the charter
260 ## - PUBLICATION, DISTRIBUTION, ETC.
Place of publication, distribution, etc. New York
Name of publisher, distributor, etc. United Nations
Date of publication, distribution, etc. 1961
300 ## - PHYSICAL DESCRIPTION
Extent 5v.
500 ## - GENERAL NOTE
General note Contents: v.1. General review. 78+p;v.2. Economic conditions. 228+p;v.3. Social conditions. 251+p;v.4. Educational conditions. 126+p;v.5. Territorial surveys. 476+p
Holdings
Withdrawn status Lost status Damaged status Not for loan Permanent Location Current Location Date acquired Full call number Barcode Date last seen Price effective from Koha item type
        Indian Institute of Public Administration Indian Institute of Public Administration 2018-08-04 D212 Un3n G871 2018-08-04 2018-08-04 G
        Indian Institute of Public Administration Indian Institute of Public Administration 2018-08-04 D212 Un3n G637 2018-08-04 2018-08-04 G
        Indian Institute of Public Administration Indian Institute of Public Administration 2018-08-04 D212 Un3n G636 2018-08-04 2018-08-04 G

Powered by Koha